Nadránom : zborník prác začínajúcích autorov /

Další autoři: Kamenistý, Ján, 1941-, Verner, Ivan
Jazyk: Slovenština
Vydáno: Bratislava : Smena, 1971
Fyzický popis: 127 s.
Knihy
Uloženo v:
LEADER 00662nam a22002052a 4500
001 000947966
003 CZ BrMZK
005 20090903101617.0
007 ta
008 090618s1971 xo er|||||||||||slo d
040 |a BOA001  |b cze 
245 0 0 |a Nadránom :  |b zborník prác začínajúcích autorov /  |c zostavili Ján Kamenistý, Ivan Verner 
260 |a Bratislava :  |b Smena,  |c 1971 
300 |a 127 s. 
700 1 |a Kamenistý, Ján,  |d 1941-  |7 ola2002151414  |4 com 
700 1 |a Verner, Ivan  |7 xx0065262  |4 com 
910 |a BOA001  |b 1-0668.293 
990 |a BK 
991 |b 200906 
996 7 |b 2619512531  |c 1-0668.293  |l MZK  |r Sklad / do 1 hodiny  |n 0  |w 000947966  |u 000010  |a 1  |e BOA001  |j MZK50  |s A